000 00313nam a2200133Ia 4500
005 20251222153646.0
008 251222s9999||||xx |||||||||||||| ||spa||
020 _a830821023
082 _a220.520.8/I61
245 4 _aThe Niv Quiet Time Bible
250 _a1ra.ed.
264 _bInterVarsity Press
942 _cLIB
999 _c32946
_d32946